000 003930000a22001570004500
041 0 _aENG
082 0 4 _aG 261 S5341s
245 1 0 _aSocial issues and the local church / Ian Shaw, Editor
260 _a[S.L] : Evangelical
300 _a180 Pag
001 6762
942 _cBK
999 _c37027
_d37027
336 _atexto
_btxt
_2rdacontent
337 _2rdamedia
_asin mediación
_bn
338 _2rdacarrier
_avolumen
_bnc